Sociologie du sport : Perspectives internationales et mondialisation (notice n° 2150274)
[ vue normale ]
| 000 -LEADER | |
|---|---|
| fixed length control field | 00972cam a2200133 4500500 |
| 005 - DATE AND TIME OF LATEST TRANSACTION | |
| control field | 20260405030016.0 |
| 041 ## - LANGUAGE CODE | |
| Language code of text/sound track or separate title | fre |
| 042 ## - AUTHENTICATION CODE | |
| Authentication code | dc |
| 100 10 - MAIN ENTRY--PERSONAL NAME | |
| Personal name | Ohl, Fabien |
| Relator term | author |
| 245 00 - TITLE STATEMENT | |
| Title | Sociologie du sport : Perspectives internationales et mondialisation |
| 260 ## - PUBLICATION, DISTRIBUTION, ETC. | |
| Name of publisher, distributor, etc. | Presses Universitaires de France,<br/> |
| Date of publication, distribution, etc. | 2006.<br/> |
| 520 ## - SUMMARY, ETC. | |
| Summary, etc. | Un point de vue international en sociologie du sport qui se propose de faire connaître les publications internationales en les confrontant aux recherches francophones, invitant ainsi le lecteur à une prise en compte des effets des cultures sur la production des savoirs scientifiques. Un ouvrage pionnier quant à cette confrontation des analyses sociologiques sur le sport favorisant l’accès à la connaissance de travaux inscrits dans d’autres contextes culturels et enrichissant notreregard sur les sciences sociales |
| 856 41 - ELECTRONIC LOCATION AND ACCESS | |
| Uniform Resource Identifier | <a href="https://shs.cairn.info/sociologie-du-sport--9782130553076?lang=fr&redirect-ssocas=7080">https://shs.cairn.info/sociologie-du-sport--9782130553076?lang=fr&redirect-ssocas=7080</a> |
Pas d'exemplaire disponible.




Réseaux sociaux